| 000 | 00859nam a22002537a 4500 | ||
|---|---|---|---|
| 005 | 20170123162330.0 | ||
| 010 | _a956709 | ||
| 020 | _c20.00 | ||
| 035 | _a956709 | ||
| 037 | _bCen Lib/Ret | ||
| 040 |
_aDPL _bUR |
||
| 082 |
_a841 _bح س ن |
||
| 100 |
_aحسن الدین احمد _9107741 |
||
| 245 |
_aساز مغرب : _cحسن الدین احمد _bاردو آہنگ میں / |
||
| 246 |
_aSaz-e-maghrib : urdu ke aahing mein / _bby Husian-Uddin Ahmad |
||
| 260 |
_aہیودرآباد _bولا اکادمی _c1978 |
||
| 270 |
_aعزیز باغ سلطان پورہ _bہیودرآباد _e500024 |
||
| 300 |
_a352p. _c21cm(Hb) |
||
| 650 |
_a ادب - اردو _9121114 |
||
| 650 |
_aاردو نظم _9121115 |
||
| 650 |
_aLiterature -- Urdu _9121116 |
||
| 650 |
_aUrdu poetry _9121117 |
||
| 942 |
_2ddc _cUR _h841 _mح س ن |
||
| 999 |
_c107737 _d107737 |
||